| 000 | 00714cam a2200241 a 4500 | ||
|---|---|---|---|
| 001 | 17366528 | ||
| 005 | 20241016024232.0 | ||
| 008 | 111230s2012 ii a b 001 0 eng d | ||
| 020 | _a9788178243313 | ||
| 020 | _a8178243318 | ||
| 040 |
_aDKAGE _beng _cDKAGE _dUKMGB _dDLC |
||
| 082 |
_222 _a820 |
||
| 100 | 1 | _aVenkatachalapathy A.R. | |
| 245 | 1 | 4 |
_aThe province of the book : _bscholars, scribes, and scribblers in colonial Tamilnadu / _cA.R. Venkatachalapathy. |
| 260 |
_aRanikher _bPermanent Black _c2012. |
||
| 300 | _axvii, 292 p. : | ||
| 650 | 0 | _aPublishers and publishing | |
| 650 | 0 | _aTamil imprints | |
| 650 | 0 | _aPrinting | |
| 650 | 0 | _aAuthors and patrons | |
| 650 | 0 | _aTamil literature | |
| 942 | _cL | ||
| 999 |
_c5927 _d5927 |
||